| 000 | 00977 a2200241 4500 | ||
|---|---|---|---|
| 020 | _a047086754X | ||
| 020 | _a9780470867549 | ||
| 020 | _a9780470867549 | ||
| 040 |
_aDLC _bDLC |
||
| 082 | _a005.8 | ||
| 100 | 1 | _aKabatiansky, G. | |
| 245 | 1 | 0 |
_aError correcting coding and security for data networks: analysis of the superchannel concept _banalysis of the superchannel concept _cG. Kabatiansky, E. Krouk, S. Semenov. |
| 246 | 3 | _aError correcting coding and security for data networks [electronic resource] | |
| 260 |
_aLondon : _bJohn Wiley & Sons, _cc2005. |
||
| 300 |
_aix, 278 p. : _bill. ; _c26 cm. |
||
| 650 | 0 |
_aComputer networks _xSecurity measures. |
|
| 650 | 0 | _aError-correcting codes (Information theory) | |
| 700 | 1 | _aKrouk, E. | |
| 700 | 1 | _aSemenov, S. | |
| 710 | 2 | _aWiley InterScience (Online service) | |
| 856 | 4 | 1 | _uhttp://libproxy1.nus.edu.sg/login?url=http://www3.interscience.wiley.com/cgi-bin/homepage/?isbn=9780470867570 |
| 942 |
_cBK _k005.8 KAB _2ddc |
||
| 999 |
_c6708 _d6708 |
||